00499nam a2200193 a 4500001001300000003000900013005001700022008004100039020000800080082001300088100002200101245005800123260003400181300000900215500003500224505001000259650001400269700002200283nice12345678IN_TiNIC20260116011652.0050524s1933 lona grp 000 0 eng  ac000a133bTHU aThursten, Herbert aSuperstitionb a Backward Glance of Minteen Centuries aLondonbCentenary Pressc1933 a127p aincludes index and biblioraphy2 aIndex aOccultism1 aThursten, Herbert